=LDR 00000nam 2200000 4500 =001 NUTBA000000000001742 =005 20140514123237.0 =006 =007 =008 =020 ##$$a 978-979-22-6267-4 =035 ##$$a 0010-051400000000207 =082 ##$$a 813 =090 ##$$a 813 sya c =100 ##$$a Syahreza Andre =245 ##$$a Beleck Interview Vol. 2 City Of Fiction =260 ##$$a Jakarta $b Gramedia pustaka utama $c 2010 =300 ##$$a 126 hlm $c 21 cm =850 ##$$a NBPNMAT =990 ##$$a 21197140/BPAP-NTB/2014